Open Data Biblioteca Nacional de Portugal


República Portuguesa: Ministério da Cultura
Biblioteca Nacional de Portugal

Catálogo da BNP: acesso por Identificadores Unívocos
Registos Bibliográficos associados ao registo de autoridade

Etiqueta de registo: 00254nam 2200025 450
001 2284500
003 http://id.bnportugal.gov.pt/bib/catbnp/2284500
100 ## $a20260415d2025 k y0pory01030103ba
101 0# $aeng
102 ## $aPT
105 ## $aa m 000yy
106 ## $ar
200 1# $aContextual analysis of case law$genhancing precedent identification with Artificial Intelligence$fHugo Saisse Mentzingen da Silva$gorient. Fernando Bação, Nuno António
210 #9 $aLisboa$c[s.n.],$d2025
215 ## $aXIV, 211 p.$cil.$d30 cm
328 #1 $aTese dout. Information Management, Instituto Superior de Estatística e Gestão de Informação, Universidade de Lisboa, 2025
675 ## $a004.8(043)$vBN$zpor$31234122
675 ## $a81'322(043)$vBN$zpor$31232600
700 #1 $aSilva,$bHugo Saisse Mentzingen da$31995845
702 #1 $aBação,$bFernando$4727$329799
702 #1 $aAntónio,$bNuno Miguel da Conceição$4727$31788449
801 #0 $aPT$bBN$gRPC
966 ## $lBN$mFGMON$sP. 72595 V.$x1
971 ## $cabrito$d20260415
972 ## $e0$z0$d20260430$vasantos
973 ## $cigoulao$d20260421

OpendataBNP@bnportugal.pt | Mais informação sobre acesso aos dados BNP